000 00885nas a2200289 4500
001 BR2014006179
003 BR-BrBNA
005 20231205124551.0
007 ta
008 230509b bl.|||p| |||| 00| 00por d
040 _aBR-BrBNA
_bpor
_cBiblioteca Nacional de Agricultura
041 _a(Pt)
072 _aK10
100 1 _aCaron, B.O.
100 1 _aSchmidt, D.
100 1 _aManfron, P.A.
100 1 _aBehling, A.
100 1 _aEloy, E.
100 1 _aBusanello, C.
245 1 _aEficiência do uso da radiação solar por plantas Ilex paraguariensis A. St. HIL. cultivadas sob sombreamento e a pleno sol
650 _aMATE
650 _aRADIAÇÃO SOLAR
650 _aSOMBREAMENTO
773 0 _tCiência Florestal (Brazil)
_xISSN 0103-9954
_g(Apr-Jun 2014), v. 24(2) p. 257-265
_wBR2014006179
909 _a202311
_bLúcia
_c55
_dLúcia Elande
942 _2AGRIS
_n0
_cANA
999 _c239752
_d239752